Anna Nicole Smith Filmography - Statistics

General Stats
  • This quiz has been taken 3 times
    2 since last reset
  • The average score is 2 of 41
Answer Stats
Type Year Name % Correct
TV Documentary 2007 Anna Nicole: An Unfinished Life
100%
Film 1994 Naked Gun 33 1/3: The Final Insult
50%
TV Show 2002-2004 The Anna Nicole Show
50%
TV Show 2005 All of Us
0%
TV Show 1999 Ally McBeal
0%
Documentary 1998 Anna Nicole Smith: Exposed
0%
Documentary 2023 Anna Nicole Smith: You Don't Know Me
0%
Film 2005 Be Cool
0%
TV Show 2003 Cedric the Entertainer Presents
0%
Film 2006 Christmas in Wonderland
0%
TV Documentary 2003 Dark Roots: The Unauthorized Anna Nicole
0%
Documentary 1995 Edenquest: Anna Nicole Smith
0%
Documentary Series 2001 E! True Hollywood Story
0%
TV Show 2002 Hollywood Squares
0%
Documentary Mini-Series 1993 Hollywood Women
0%
Film 2007 Illegal Aliens
0%
Music Video 1998 Jumper
0%
TV Show 1998 MADtv
0%
TV Show 2000 N.Y.U.K.
0%
Documentary 1998 Playboy: Blondes, Brunettes, Redheads
0%
Documentary 1998 Playboy: Celebrities
0%
TV Documentary 2006 Playboy: Celebrity Centerfolds
0%
Documentary 1992 Playboy: Playmate Private Pleasures
0%
TV Special 2003 Playboy's 50th Anniversary Celebration
0%
Documentary 1995 Playboy: The Best of Anna Nicole Smith
0%
Short Documentary 1993 Playboy Video Centerfold: Playmate of the Year Anna Nicole Smith
0%
Documentary 1998 Portrait of a Pin-Up Queen: Anna Nicole Smith
0%
TV Show 1998 Sin City Spectacular
0%
Film 1996 Skyscraper
0%
TV Special 2005 The Comedy Central Roast of Jeff Foxworthy
0%
TV Special 2005 The Comedy Central Roast of Pamela Anderson
0%
Documentary 2000 The Complete Anna Nicole Smith
0%
Film 1994 The Hudsucker Proxy
0%
TV Documentary 2007 The Life and Death of Anna Nicole
0%
TV Show 1995 The Naked Truth
0%
Music Video 2004 The New Workout Plan
0%
Film 1995 To the Limit
0%
TV Show 1999 Veronica's Closet
0%
Film 2003 Wasabi Tuna
0%
Music Video 1993 Will You Still Love Me Tomorrow?
0%
Music Video 1997 You Win, I Lose
0%
No matching quizzes found
Score Distribution
Percent of People with Each Score
Percentile by Number Answered
Your Score History
You have not taken this quiz since the last reset